新幹線単独駅最寄りの在来線駅 - Statistics

General Stats
  • This quiz has been taken 369 times
  • The average score is 11 of 18
Answer Stats
新幹線単独駅 在来線最寄り駅 直線距離 % Correct
新富士 富士 1.5km
98%
新尾道 尾道 2.8km
94%
白石蔵王 白石 1.1km
86%
新玉名 玉名 2.9km
84%
本庄早稲田 本庄 2,1km
84%
水沢江刺 水沢 3.7km
82%
越前たけふ 武生 2.6km
80%
安中榛名 安中 6.7km
76%
岐阜羽島 新羽島 隣接
69%
東広島 西条 4.9km
66%
奥津軽いまべつ 津軽二股 隣接
64%
新岩国 清流新岩国 隣接
56%
黒部宇奈月温泉 新黒部 隣接
53%
上毛高原 後閑 2.5km
44%
くりこま高原 新田 5.9km
29%
嬉野温泉 肥前鹿島 9.2km
24%
新大牟田 吉野 2.1km
23%
七戸十和田 乙供 8.3km
21%
No matching quizzes found
Score Distribution
Percent of People with Each Score
Percentile by Number Answered
Your Score History
You have not taken this quiz